Statistics for Movies with Man in the Title

Click here to take the quiz!

General Stats

  • This quiz has been taken 209 times
  • The average score is 12 of 22

Answer Stats

DescriptionMovie% Correct
An alien orphan is sent from his dying planet, Krypton, to EarthSuperman
97%
The Caped Crusader faces his greatest foeBatman
95%
Boy's life changes when he is bitten by a genetically altered insectSpider-Man
94%
Genius playboy billionaire invents a weaponized body suitIron Man
91%
Man uses his autistic brother to count cardsRain Man
88%
Hilarity ensues as a man loses the ability to say noYes Man
78%
Armed with a super-suit with the astonishing ability to shrink in
scale but increase in strength
Ant-Man
77%
In Victorian England, a surgeon tries to help a horribly deformed man who
is forced to be part of a freak show
The Elephant Man
70%
Mustachioed 1970s newsman falls into depression after his dog is punted off a bridgeAnchorman
61%
Heir to Atlantis goes on a quest to prevent a war between the worlds of ocean and landAquaman
61%
Scientist finds a way of becoming undetectable, but in doing so,
he becomes murderously insane
The Invisible Man
60%
Evil spirit will murder you with his hook if you look into the mirror and
say his name five times
Candyman
57%
Cave man is unthawed in modern day Los AngelesEncino Man
43%
In the future, criminals must fight for their lives on a gruesome TV game showThe Running Man
39%
Policeman investigates his daughter's disappearance on an island
run by beekeeping pagans
The Wicker Man
39%
To defeat a super villain, wimps of the future must unthaw a super copDemolition Man
35%
Fading cinema star, plans to resurrect his career with a passionate Broadway productionBirdman
25%
The true story of what happened to Jimmy Hoffa... maybeThe Irishman
25%
Government assassin is pursued by a younger clone of himselfGemini Man
23%
Underdog boxer must fight against a thuggish German championCinderella Man
18%
Novelist travels to a postwar Vienna to investigate the mysterious death of an old friendThe Third Man
13%
Gun-for-hire is ensnared in a political conspiracy when he kills his target's lookalikeHitman
10%

Score Distribution

Percentile by Number Answered

Percent of People with Each Score

Your Score History

You have not taken this quiz